[Event "TCh-Central SRB 2012"]
[Site "Vrnjacka Banja SRB"]
[Date "2012.10.06"]
[Round "10.6"]
[White "Vuckovic,Br"]
[Black "Civric,Z"]
[Result "1-0"]
[WhiteElo "2258"]
[BlackElo "2215"]

1.e4 c5 2.Nf3 Nc6 3.Bb5 g6 4.O-O Bg7 5.Re1 e5 6.Nc3 Nge7 7.Nd5 O-O 8.d3 h6
9.a4 d6 10.Bc4 Be6 11.c3 Rc8 12.Nxe7+ Qxe7 13.Nd2 Kh7 14.Nf1 f5 15.f3 f4
16.Re2 g5 17.h3 h5 18.Nh2 Bd7 19.Rf2 Rf6 20.Kf1 Rg6 21.Ke1 Rf8 22.Kd2 Qd8
23.Kc2 Ne7 24.Bd2 Bc6 25.Re2 Qd7 26.Bb3 b6 27.Qb1 Rd8 28.Qa2 a6 29.Bc4 Qb7
30.Bb3 d5 31.exd5 Bxd5 32.Bxd5 Rxd5 33.Be1 Qd7 34.Rd1 Nf5 35.Bf2 Rgd6 36.Qc4 b5
37.Qe4 Kh8 38.Red2 Rc6 39.axb5 axb5 40.Ra1 Rc8 41.Rdd1 Rd8 42.Nf1 Ne7 43.b3 Qc7
44.Ra6 Nc6 45.Kb2 Ne7 46.h4 Qc8 47.Ra7 Nc6 48.Rf7 Qe6 49.Qf5 Qxf5 50.Rxf5 Rxd3
51.Rxd3 Rxd3 52.Kc2 e4 53.Rxc5 Rd6 54.fxe4 b4 55.Be1 bxc3 56.Bxc3 Bxc3 57.Kxc3 Rd1
58.Kc4 Rxf1 59.Rxc6 g4 60.Rh6+ Kg7 61.Rxh5 g3 62.b4 Rf2 63.Rf5 Kh6 64.b5 Rxg2
65.Rxf4 Kh5 66.Rf8 Kxh4 67.b6 Rb2 68.Kc5 g2 69.Rg8 Kh3 70.e5 Rb3 71.Rxg2 Kxg2
72.e6 Rc3+ 73.Kd4 Rc8 74.Kd5 Kf3 75.b7 Rh8 76.e7 Kf4 77.Ke6 Rb8 78.Kd6 Kf5
79.Kc7 Re8 80.b8=Q Rxe7+ 81.Kd6 Re6+ 82.Kd5 Rf6 83.Qg3 Rf7 84.Qe5+ Kg6 85.Ke6 Rg7
86.Qf4 Kh7 87.Qh4+ Kg6 88.Qh8 Rh7 89.Qe8+ Kg7 90.Kf5 Rh6 91.Kg5 Rh7 92.Qg6+ Kh8
93.Qf6+ Kg8 94.Qe6+ Kf8 95.Qd6+ Kg7 96.Qd7+ Kg8 97.Qd8+ Kf7 98.Qd5+ Kg7 99.Qb3 Kh8
100.Qb8+ Kg7 101.Qe8 Rh8 102.Qd7+ Kf8 103.Kg6  1-0

[Event "3rd Copa Latino-Americana"]
[Site "Cali COL"]
[Date "2012.10.07"]
[Round "7.34"]
[White "Rodriguez Lopez,A"]
[Black "Bravo,Juan Eduardo"]
[Result "1/2-1/2"]
[WhiteElo "1928"]
[BlackElo "1740"]

1.e4 c5 2.Nf3 Nc6 3.Bb5 a6 4.Bxc6 bxc6 5.d3 d6 6.Be3 Nf6 7.c3 e5 8.Qc2 Be7
9.Nbd2 O-O 10.O-O Ng4 11.h3 Nxe3 12.fxe3 Be6 13.Rf2 Qd7 14.c4 Rab8 15.b3 f5
16.exf5 Rxf5 17.e4 Rf4 18.Raf1 Rbf8 19.Nh2 Rxf2 20.Rxf2 Rxf2 21.Kxf2 Bh4+
22.g3 Bg5 23.Ndf3 Bd8 24.g4 Qf7 25.Qd2 h5 26.Kg3 h4+ 27.Kg2 Qg6 28.Qe3 Qh6
29.Qxh6 gxh6 30.Ne1 Kg7 31.Kf3 Kg6 32.Nc2 a5 33.Ne3 h5 34.Nf5 Bxf5 35.gxf5+ Kg7  1/2-1/2

[Event "Frau Bundesliga Div1 2012-13"]
[Site "Germany GER"]
[Date "2012.10.07"]
[Round "2.1"]
[White "Schneider,Ve"]
[Black "Wirths,C"]
[Result "1-0"]
[WhiteElo "2313"]
[BlackElo "2022"]

1.e4 c5 2.Nf3 Nc6 3.Bb5 d6 4.d4 cxd4 5.Qxd4 Bd7 6.Bxc6 Bxc6 7.Nc3 Nf6 8.Bg5 Qb6
9.Qxb6 axb6 10.Bxf6 gxf6 11.Nd5 Bxd5 12.exd5 Ra5 13.c4 Rc5 14.Nd2 Bh6 15.b3 Bxd2+
16.Kxd2 b5 17.Rhc1 bxc4 18.bxc4 Kd7 19.Rab1 Rb8 20.Rb4 e6 21.dxe6+ fxe6 22.Rc3 Rf5
23.Ke2 Re5+ 24.Kf1 Rh5 25.h3 Kc6 26.Rf3 Rh6 27.a4 Ra8 28.Rfb3 Ra7 29.Re3 f5
30.Reb3 Rg6 31.Rb6+ Kc7 32.a5 e5 33.R6b5 Rg8 34.Rf3 f4 35.g3 fxg3 36.fxg3 Rg7
37.Kg2 Kc6 38.Rf6 Rd7 39.Rxe5 b6 40.axb6 Kxb6 41.h4 Ra2+ 42.Kh3 Rc2 43.Re4 Kc6
44.h5 Rd2 45.Ref4 Re7 46.Rf7 Kd7 47.Kg4 Re2 48.Kg5 Ke8 49.Rxe7+ Rxe7 50.Kh6 Kd7
51.g4 Kc6 52.g5 Kc5 53.g6 hxg6 54.hxg6 Re1 55.g7 Rg1 56.Rf5+ Kxc4 57.Rg5  1-0

[Event "TATA 50th ch-IND National Premier"]
[Site "Kolkata IND"]
[Date "2012.10.07"]
[Round "7.9"]
[White "Satyapragyan,S"]
[Black "Aravindh,Chithambaram VR."]
[Result "1-0"]
[WhiteElo "2456"]
[BlackElo "2276"]

1.e4 c5 2.Nf3 Nc6 3.Bb5 g6 4.Bxc6 bxc6 5.O-O Bg7 6.Re1 Nh6 7.c3 O-O 8.h3 f6
9.d4 cxd4 10.cxd4 Nf7 11.Nc3 Rb8 12.b3 d6 13.Bb2 e6 14.Rc1 Bd7 15.Rc2 Re8
16.e5 d5 17.exf6 Bxf6 18.Na4 Be7 19.Nc5 Bd6 20.Qc1 Bc8 21.Nd3 Bd7 22.Ba3 Bc7
23.Nfe5 Nxe5 24.Nxe5 Bxe5 25.Rxe5 Qf6 26.Rc3 a5 27.Rf3 Qg7 28.h4 a4 29.h5 axb3
30.axb3 Rf8 31.h6 Rxf3 32.hxg7 Rfxb3 33.Qc5  1-0

[Event "TCh-CHN 2012"]
[Site "Hangzhou CHN"]
[Date "2012.10.08"]
[Round "17"]
[White "Zeng,C"]
[Black "Zhao Zong Yuan"]
[Result "1-0"]
[WhiteElo "2435"]
[BlackElo "2556"]

1.e4 c5 2.Nf3 Nc6 3.Bb5 g6 4.Bxc6 dxc6 5.d3 Bg7 6.h3 Nf6 7.Nc3 Nd7 8.Be3 e5
9.O-O Qe7 10.Qd2 h6 11.Nh2 b6 12.a3 Nf8 13.f4 exf4 14.Rxf4 Be6 15.Rf2 Nd7
16.Raf1 Ne5 17.Nf3 g5 18.Nxe5 Bxe5 19.Ne2 O-O-O 20.b4 c4 21.d4 Rhg8 22.b5 cxb5
23.Qb4 Qxb4 24.axb4 Bd6 25.Nc3 g4 26.Nxb5 gxh3 27.Nxd6+ Rxd6 28.d5 Bd7 29.Rxf7 Rxg2+
30.Kh1 Re2 31.Bf4 Rg6 32.Rf8+ Kb7 33.Rb8+ Ka6 34.Ra1+ Ba4 35.Rxa4+ Kb5 36.Ra1 Rxc2
37.d6  1-0

[Event "TCh-Belgrade Premier 2012"]
[Site "Belgrade SRB"]
[Date "2012.10.09"]
[Round "8.1"]
[White "Mirkovic,Sl"]
[Black "Dinic,G"]
[Result "1/2-1/2"]
[WhiteElo "2343"]
[BlackElo "2250"]

1.e4 c5 2.Nf3 Nc6 3.Bb5 Na5 4.c3 a6 5.Ba4 b5 6.Bc2 Bb7 7.O-O Nf6 8.Re1 e6
9.d4 cxd4 10.cxd4 Rc8 11.Nbd2 Qc7 12.Bd3 d6 13.Nf1 Be7 14.Ng3 O-O 15.Bf4 Rfe8
16.Qe2 Qb6 17.Rad1 Qa7 18.b3 Nc6 19.e5 dxe5 20.Bxe5 Nb4 21.Bxf6 Bxf3 22.Qxf3 Nxd3
23.Qxd3 Bxf6 24.Nh5 Be7 25.Re4 g6 26.Qg3 Red8 27.h3 Rd5 28.Nf4 Bd6 29.Qe3 Bxf4
30.Qxf4 Rcd8 31.Rc1 Qe7 32.Rc7 R5d7 33.Rc6 Rd6 34.Rxd6 Rxd6 35.Qe5 Qd8 36.Qc5 Kg7
37.g4 Rd5 38.Qc3 Qd6  1/2-1/2

[Event "FSFMA1 October 2012"]
[Site "Budapest HUN"]
[Date "2012.10.09"]
[Round "3.5"]
[White "Juracsik,J"]
[Black "Henrichsen,J"]
[Result "1-0"]
[WhiteElo "2164"]
[BlackElo "1908"]

1.e4 c5 2.Nf3 Nc6 3.Bb5 e6 4.O-O Nge7 5.Re1 a6 6.Bf1 d5 7.exd5 Nxd5 8.d4 cxd4
9.Nxd4 Be7 10.Nxc6 bxc6 11.Nd2 O-O 12.Nc4 Qc7 13.c3 c5 14.Qc2 Bf6 15.Bd3 g6
16.Bh6 Bg7 17.Bxg7 Kxg7 18.g3 Bb7 19.Be4 Rae8 20.f4 a5 21.Rad1 Rd8 22.Bg2 Ba6
23.Ne5 Nf6 24.c4 Rd4 25.Rxd4 cxd4 26.Qf2 Rd8 27.Rd1 d3 28.b3 a4 29.h3 axb3
30.axb3 d2 31.Kh2 Bb7 32.Qa7  1-0

[Event "3rd Copa Latino-Americana"]
[Site "Cali COL"]
[Date "2012.10.09"]
[Round "9.21"]
[White "Herrera,Jua"]
[Black "Torres,Saulo De Jesus"]
[Result "1-0"]
[WhiteElo "2184"]
[BlackElo "1899"]

1.e4 c5 2.Nf3 Nc6 3.Bb5 Nd4 4.Nxd4 cxd4 5.O-O g6 6.d3 Bg7 7.f4 e6 8.f5 gxf5
9.exf5 Nf6 10.fxe6 fxe6 11.Bg5 O-O 12.Nd2 Qa5 13.Bxf6 Bxf6 14.Ne4 Qxb5 15.Nxf6+ Kh8
16.Qg4 Qc5 17.Nxh7 Kxh7 18.Rxf8 Qxf8 19.Rf1 Qh6 20.Qxd4 Qh5 21.Qd6 Qg5 22.Qf8 Qg7
23.Rf7 Qxf7 24.Qxf7+ Kh6 25.h4 b6 26.g4  1-0

[Event "TCh-ROU League A 2012"]
[Site "Olanesti ROU"]
[Date "2012.10.09"]
[Round "4.1"]
[White "Carmaciu,L"]
[Black "Geanta,H"]
[Result "1-0"]
[WhiteElo "2409"]
[BlackElo "2297"]

1.e4 c5 2.Nf3 Nc6 3.Bb5 Qb6 4.Nc3 e6 5.Bxc6 Qxc6 6.d4 cxd4 7.Nxd4 Qc7 8.O-O a6
9.Re1 b5 10.e5 Bb7 11.Bf4 Bb4 12.a4 bxa4 13.Rxa4 Bxc3 14.bxc3 Ne7 15.c4 Ng6
16.Bg3 h5 17.h4 Ne7 18.Qd2 Bc6 19.Ra5 Qb7 20.Ra3 Rh6 21.Qa5 Rg6 22.Rb3 Qa7
23.c3 Nf5 24.Nxc6 dxc6 25.Reb1 Qd7 26.Rb8+  1-0

[Event "TATA 50th ch-IND National Premier 2012"]
[Site "Kolkata IND"]
[Date "2012.10.10"]
[Round "9.11"]
[White "Neelotpal,D"]
[Black "Aravindh,Chithambaram VR."]
[Result "1-0"]
[WhiteElo "2485"]
[BlackElo "2276"]

1.e4 c5 2.Nf3 Nc6 3.Bb5 g6 4.Bxc6 bxc6 5.O-O Bg7 6.Re1 Nh6 7.c3 O-O 8.h3 d5
9.d3 f6 10.Qa4 Qb6 11.Be3 e5 12.b4 Qa6 13.Qxa6 Bxa6 14.Bxc5 Rfd8 15.d4 dxe4
16.Rxe4 f5 17.Rxe5 Bxe5 18.Nxe5 Bb7 19.Nd2 Kg7 20.Ndc4 Nf7 21.Nxf7 Kxf7 22.Re1  1-0

[Event "12th Winterthurer Schachwoche"]
[Site "Winterthur SUI"]
[Date "2012.10.10"]
[Round "5"]
[White "Perunovic,Mil"]
[Black "Milanovic,Da"]
[Result "1/2-1/2"]
[WhiteElo "2617"]
[BlackElo "2480"]

1.e4 c5 2.Nf3 Nc6 3.Bb5 e6 4.O-O Nge7 5.c3 a6 6.Be2 d5 7.exd5 Nxd5 8.d4 cxd4
9.Nxd4 Nxd4 10.Qxd4 Qf6  1/2-1/2

[Event "12th Winterthurer Schachwoche"]
[Site "Winterthur SUI"]
[Date "2012.10.13"]
[Round "8"]
[White "Ulibin,M"]
[Black "Myers,G"]
[Result "1-0"]
[WhiteElo "2529"]
[BlackElo "2151"]

1.e4 c5 2.Nf3 Nc6 3.Bb5 d6 4.Bxc6+ bxc6 5.O-O Bg4 6.h3 Bh5 7.c3 e5 8.Re1 Nf6
9.d4 cxd4 10.cxd4 Nd7 11.Be3 Be7 12.Nbd2 O-O 13.Qa4 Qc7 14.Rec1 Rfc8 15.d5 c5
16.b4 Nb6 17.Qa6 f5 18.bxc5 dxc5 19.exf5 Nxd5 20.Bg5 Nf4 21.Bxe7 Qxe7 22.Re1 Qf6
23.Qc4+ Bf7 24.Qe4 Re8 25.Nxe5 Qg5 26.Nxf7 Kxf7 27.Qc4+ Kf8 28.Qxc5+ Kg8
29.Qc6 Rec8 30.Qf3 Qxf5 31.Ne4 Rf8 32.Rac1 Rae8 33.Kh1 Kh8 34.Nd6 Rxe1+ 35.Rxe1 Qc5
36.Qxf4  1-0

[Event "NIT Nagpur GM Open 2012"]
[Site "Nagpur IND"]
[Date "2012.10.18"]
[Round "5.16"]
[White "Rathnakaran,K"]
[Black "Sahu,V"]
[Result "1-0"]
[WhiteElo "2439"]
[BlackElo "2128"]

1.e4 c5 2.Nf3 Nc6 3.Bb5 d6 4.O-O Bd7 5.Re1 e5 6.c3 a6 7.Bf1 Nf6 8.h3 Be7
9.d4 O-O 10.dxc5 dxc5 11.Qc2 h6 12.Nbd2 b5 13.Be2 Re8 14.Nf1 Be6 15.Ng3 Qc7
16.Nh4 Bf8 17.Nhf5 Kh7 18.Rf1 g6 19.Ne3 c4 20.b3 cxb3 21.axb3 Qb7 22.Bd1 b4
23.c4 Nd4 24.Qd3 Nd7 25.Nd5 Bxd5 26.exd5 Nc5 27.Qb1 f5 28.Ra2 Bg7 29.h4 Rf8
30.h5 g5 31.Be3 e4 32.Rd2 Ndxb3 33.Bxb3 Nxb3 34.Qxb3 a5 35.Ra2 a4 36.Rxa4 Rxa4
37.Qxa4 f4 38.Bc5 Ra8 39.Qxb4 Qxb4 40.Bxb4 fxg3 41.fxg3 Bd4+ 42.Kh2 Ra4 43.Rb1 e3
44.d6 e2 45.d7 Bf6 46.Bc3 Bd8 47.Rb8  1-0

[Event "NIT Nagpur GM Open 2012"]
[Site "Nagpur IND"]
[Date "2012.10.18"]
[Round "5.19"]
[White "Ankit,R"]
[Black "Phadke,So1"]
[Result "1-0"]
[WhiteElo "2397"]
[BlackElo "2247"]

1.e4 c5 2.Nf3 Nc6 3.Bb5 e6 4.Bxc6 bxc6 5.d3 d5 6.O-O Ne7 7.Nc3 Ng6 8.Na4 Bd6
9.b3 O-O 10.Ba3 e5 11.Bxc5 f5 12.d4 fxe4 13.Nxe5 Nxe5 14.dxe5 Bxe5 15.Bxf8 Qh4
16.g3 Qh3 17.Bc5 Bg4 18.f3 exf3 19.Rf2 Bxg3 20.hxg3 Re8 21.Bd6 Re6 22.Rxf3 Bxf3
23.Qxf3 Rxd6 24.Rf1 Rf6 25.Qg2 Rxf1+ 26.Kxf1 Qh6 27.Qf2 Qh1+ 28.Ke2 Qe4+
29.Kd2  1-0

[Event "Copenhagen Cup IMB 2012"]
[Site "Copenhagen DEN"]
[Date "2012.10.19"]
[Round "5.2"]
[White "Larsen,Ka"]
[Black "Rosenkilde,A"]
[Result "1-0"]
[WhiteElo "2297"]
[BlackElo "2260"]

1.e4 c5 2.Nf3 Nc6 3.Bb5 e6 4.O-O Nge7 5.Re1 a6 6.Bf1 d5 7.d3 d4 8.a4 Ng6
9.g3 Be7 10.Bg2 e5 11.Nbd2 Rb8 12.Re2 h5 13.h4 Bg4 14.Nf1 Nf8 15.N1h2 Be6
16.Qf1 Qd7 17.Ng5 Bxg5 18.Bxg5 b5 19.axb5 axb5 20.Bd2 f6 21.f4 c4 22.Rf2 Qc8
23.Nf3 Nd7 24.Bh3 Bxh3 25.Qxh3 Nc5 26.Qf1 cxd3 27.cxd3 Nb3 28.Rb1 Nxd2 29.Rxd2 exf4
30.Rc1 Qd7 31.gxf4 O-O 32.Qg2 Nb4 33.Kh2 Rbc8 34.Rg1 Rf7 35.Qf2 Rd8 36.Qg3 Qc7
37.e5 fxe5 38.Nxe5 Re7 39.Qg5 Nd5 40.Rdg2 Ne3 41.Rg3 Rd6 42.Qxh5 Rf6 43.Ng6 Re8
44.Qh8+ Kf7 45.Ne5+  1-0

[Event "Copenhagen Cup IMB 2012"]
[Site "Copenhagen DEN"]
[Date "2012.10.19"]
[Round "5.1"]
[White "Rudolf,An"]
[Black "Rendboe,J"]
[Result "1/2-1/2"]
[WhiteElo "2294"]
[BlackElo "2233"]

1.e4 c5 2.Nf3 Nc6 3.Bb5 g6 4.Bxc6 dxc6 5.d3 Bg7 6.h3 Nf6 7.Nc3 Nd7 8.Be3 e5
9.Qd2 Qe7 10.Bh6 f6 11.Bxg7 Qxg7 12.Qe3 Qe7 13.Nh2 Nf8 14.f4 Ne6 15.fxe5 fxe5
16.O-O-O O-O 17.Rdf1 Bd7 18.Kb1 b5 19.Ne2 a5 20.Qg3 Nd4 21.Nxd4 cxd4 22.Ng4  1/2-1/2

[Event "NIT Nagpur GM Open 2012"]
[Site "Nagpur IND"]
[Date "2012.10.20"]
[Round "7.17"]
[White "Narayanan,Sri"]
[Black "Tiwari,Ar"]
[Result "1-0"]
[WhiteElo "2448"]
[BlackElo "2227"]

1.e4 c5 2.Nf3 Nc6 3.Bb5 e6 4.Bxc6 bxc6 5.Qe2 Ne7 6.h4 h5 7.d3 Ng6 8.e5 d6
9.Qe4 d5 10.Qe2 Be7 11.g3 f6 12.b3 fxe5 13.Bb2 Bf6 14.c4 e4 15.dxe4 dxe4
16.Ng5 Ne5 17.Bc3 Qd3 18.Qxe4 Bxg5 19.Qxe5 Bf6 20.Qe3 Qxe3+ 21.fxe3 O-O 22.O-O e5
23.Nd2 Bh3 24.Rf2 Rad8 25.Ne4 Be7 26.Bxe5 Bf5 27.Nc3 Rd3 28.Re1 g6 29.Na4 Rfd8
30.Nb2 Rd2 31.e4 Bg4 32.Bf4 R2d7 33.Be3 Bf8 34.Na4 Rd1 35.Rxd1 Rxd1+ 36.Kg2 Re1
37.Bxc5 Bg7 38.Bxa7 Rxe4 39.Bc5 Re1 40.Nb6 Bf5 41.Rd2 Bc3 42.Rd8+ Kf7 43.Nc8 Re2+
44.Kf1 Bg4 45.Nd6+ Kg7 46.Re8 Rxa2 47.Re7+ Kg8 48.Ne4 Bg7 49.Re8+ Kh7 50.Ng5+ Kh6
51.Nf7+ Kh7 52.Ng5+ Kh6 53.Bf8 Ra1+ 54.Kf2 Ra2+ 55.Ke1 Bxf8 56.Rxf8 Kg7 57.Rf7+ Kh8
58.Rh7+ Kg8 59.Rc7 Rb2 60.Rxc6 Rxb3 61.Rxg6+ Kf8 62.Kf2 Rc3 63.Rc6 Ke7 64.Rc7+ Kd8
65.Rc5 Kd7 66.Ne4 Rf3+ 67.Kg2 Rf8 68.Re5 Kc6 69.c5 Bf3+ 70.Kg1 Bg4 71.Nf2 Bf5
72.Nd1 Kb5 73.Ne3 Bd7 74.Nc2 Kc4 75.Rxh5 Bh3 76.Kh2 Bd7 77.Ne3+ Kc3 78.c6 Be6
79.Re5 Bc8 80.Rd5 Rf2+ 81.Kg1 Rf3 82.Rd8 Ba6 83.c7 Rxe3 84.c8=Q+ Bxc8 85.Rxc8+ Kd4
86.Rd8+  1-0

[Event "TCh-SUI National A 2012"]
[Site "Switzerland SUI"]
[Date "2012.10.20"]
[Round "8.4"]
[White "Istratescu,A"]
[Black "Buss,Ra"]
[Result "1-0"]
[WhiteElo "2633"]
[BlackElo "2408"]

1.e4 c5 2.Nf3 Nc6 3.Bb5 g6 4.O-O Bg7 5.c3 Nf6 6.Re1 O-O 7.h3 Qc7 8.d4 cxd4
9.cxd4 a6 10.Bxc6 bxc6 11.Nc3 d6 12.Bf4 Nh5 13.Bh2 Rb8 14.e5 f5 15.exf6 Rxf6
16.Qe2 Rb7 17.Ne4 Rf8 18.Nc5 Ra7 19.Ng5 Qb6 20.Qc4+ d5 21.Qc3 Bf6 22.Nf3 Ng7
23.Ne5 Nf5 24.Rad1 Nd6 25.b3 Rc7 26.Ng4 Bg5 27.Be5 Bf4 28.Bxf4 Rxf4 29.Qg3 Bxg4
30.hxg4 Rf7 31.Re6 Qa5 32.Re2 Nb5 33.Rc2 Nd6 34.Qe5 Qb6 35.Rd3 Rc8 36.Rf3 Rxf3
37.gxf3 Qa7 38.Re2 Rf8 39.Kg2 Rf7 40.Rc2 a5 41.Rc1 Qb6 42.Qe6 Kg7 43.Qe3 Kg8
44.Nd7 Qd8 45.Ne5 Rf6 46.Nxc6 Qd7 47.Nxe7+  1-0

[Event "TCh-CZE Div1 Vychod 2012-13"]
[Site "Czech Republic CZE"]
[Date "2012.10.21"]
[Round "1.2"]
[White "Kolosowski,M"]
[Black "Stachowiak,K"]
[Result "1/2-1/2"]
[WhiteElo "2442"]
[BlackElo "2432"]

1.e4 c5 2.Nf3 Nc6 3.Bb5 g6 4.O-O Bg7 5.Re1 e5 6.c3 Nge7 7.d4 exd4 8.cxd4 cxd4
9.Bf4 d6 10.Nxd4 O-O 11.Bxc6 Nxc6 12.Nxc6 bxc6 13.Nc3 d5 14.exd5 Bxc3 15.bxc3 Qxd5
16.Qa4 Be6 17.Bh6 Rfd8 18.Rad1 Qc4 19.Rxd8+ Rxd8 20.Qa5 Qd5 21.Qxa7 Qe5 22.Qe3 Qxe3
23.Bxe3 Bxa2 24.Bd4 Rb8 25.f4  1/2-1/2

[Event "13th Liberec Open 2012"]
[Site "Liberec CZE"]
[Date "2012.10.22"]
[Round "3"]
[White "Gorbatov,A"]
[Black "Klecker,T"]
[Result "1/2-1/2"]
[WhiteElo "2369"]
[BlackElo "2187"]

1.e4 c5 2.Nf3 Nc6 3.Bb5 g6 4.O-O Bg7 5.c3 Nf6 6.Re1 O-O 7.d4 cxd4 8.cxd4 d5
9.e5 Ne4 10.Nbd2 Nxd2 11.Bxd2 Qb6 12.Bxc6 Qxc6 13.Bb4 Re8 14.Qb3 Bg4 15.Nd2 Qb6
16.h3 Bf5 17.g4 Bd7 18.Bc5 Qxb3 19.axb3 b6 20.Ba3 h5 21.f3 a5 22.Nf1 Bh6
23.Ne3 Be6 24.Rac1 Rac8 25.Rxc8 Rxc8 26.Kf2 Kf8 27.Kg3 Bxe3 28.Rxe3 Rc6 29.Rc3 Rxc3
30.bxc3 hxg4 31.fxg4 g5 32.Kf3  1/2-1/2

[Event "4th Marcel Duchamp Open"]
[Site "Buenos Aires ARG"]
[Date "2012.10.25"]
[Round "4.39"]
[White "Alonso,Sergio"]
[Black "Guelman,J"]
[Result "1/2-1/2"]
[WhiteElo "1507"]
[BlackElo "1656"]

1.e4 c5 2.Nf3 Nc6 3.Bb5 Qb6 4.Bxc6 Qxc6 5.d3 d6 6.O-O e5 7.Nc3 Nf6 8.Bg5 Be7
9.Bxf6 Bxf6 10.Nd5 Bd8 11.Qd2 Be6 12.c4 h6 13.b4 Bg4 14.Ne3 Bxf3 15.gxf3 Bg5
16.a3 O-O 17.Qe2 Qc8 18.Kh1 Qh3 19.Rg1 Rae8 20.Rg3 Qc8 21.Rag1 g6 22.Nd5 Kg7
23.Qb2 Kh7 24.f4 exf4 25.Rxg5 hxg5 26.Nf6+ Kh6 27.Ng4+ Kh7 28.Nf6+ Kh6 29.Ng4+ Kh7  1/2-1/2

[Event "ITT La Razon 2012"]
[Site "Villa Martelli ARG"]
[Date "2012.10.25"]
[Round "3.3"]
[White "Stewart,William John"]
[Black "Feliciano,V"]
[Result "1-0"]
[WhiteElo "2253"]
[BlackElo "2268"]

1.e4 c5 2.Nf3 Nc6 3.Bb5 g6 4.O-O Bg7 5.Bxc6 dxc6 6.h3 Nf6 7.Re1 O-O 8.d3 Qc7
9.e5 Nd5 10.Nbd2 Rd8 11.Qe2 Nf4 12.Qe4 Ne6 13.Nb3 a5 14.a4 b6 15.Qh4 Ba6
16.Bh6 Bxh6 17.Qxh6 c4 18.dxc4 Bxc4 19.Nbd2 Bd5 20.h4 Bxf3 21.Nxf3 Rd5 22.h5 Qd8
23.g3 Qf8 24.Qe3 c5 25.Nd2 Nd4 26.Qe4 Rad8 27.Nc4 Qh6 28.Kg2 Ne6 29.hxg6 hxg6
30.c3 Kg7 31.Nxb6 Rd2 32.Nc4 R2d3 33.Rh1 Qg5 34.Rh4 Rd1 35.Rxd1 Rxd1 36.Qc2 Rc1
37.Qd2 Qxd2 38.Nxd2 Ra1 39.Nb3 Ra2 40.Kf3 Rxb2 41.Nxa5 f5 42.exf6+ exf6 43.Ke3 f5
44.Rc4 Kf6 45.Nc6 Ra2 46.f4 g5 47.fxg5+ Nxg5 48.Rxc5 Rxa4 49.Nd4 Kg6 50.Rxf5 Ra3
51.Kd3 Ra1 52.Re5 Nf7 53.Re6+ Kg5 54.Re3 Nd6 55.Re5+ Kg4 56.Re6 Nb7 57.Rg6+ Kh5
58.Rg8 Rd1+ 59.Ke2 Rg1 60.Nf5 Nd6 61.Kf2  1-0

[Event "7th Deizisau Autumn"]
[Site "Deizisau GER"]
[Date "2012.10.27"]
[Round "2.4"]
[White "Glawe,Ralf"]
[Black "Manakov,I"]
[Result "0-1"]
[WhiteElo "2028"]
[BlackElo "2355"]

1.e4 c5 2.Nf3 Nc6 3.Bb5 g6 4.Bxc6 dxc6 5.d3 Bg7 6.h3 Nf6 7.a4 O-O 8.Nbd2 Nd7
9.Nc4 e5 10.O-O Qe7 11.a5 Rd8 12.Bd2 Nf8 13.Qb1 f6 14.b4 Ne6 15.bxc5 Nxc5
16.Bb4 Bf8 17.Qa2 Qf7 18.Qa3 Ne6 19.Nd6 Qe7 20.c3 Rxd6 21.Bxd6 Qxd6 22.Qxd6 Bxd6
23.d4 Kf7 24.Rfb1 Ke7 25.Ra2 Bc7 26.Kf1 Rb8 27.d5 cxd5 28.exd5 Nc5 29.Ke2 Bf5
30.Rb4 Nd3  0-1

[Event "TCh-FIN SM 2012-13"]
[Site "Joensuu FIN"]
[Date "2012.10.27"]
[Round "4.5"]
[White "Nyysti,S"]
[Black "Saastamoinen,A"]
[Result "1-0"]
[WhiteElo "2352"]
[BlackElo "2135"]

1.e4 c5 2.Nf3 Nc6 3.Bb5 g6 4.Bxc6 dxc6 5.h3 Bg7 6.d3 Nf6 7.Be3 b6 8.Nbd2 O-O
9.O-O Qc7 10.a4 a5 11.Nc4 Ne8 12.Qc1 e5 13.b4 axb4 14.a5 b5 15.Nb6 Rb8 16.Nxc8 Rxc8
17.Bxc5 Nd6 18.Qb2 Rfe8 19.Qxb4 Bf8 20.Nd2 Nb7 21.Bxf8 Rxf8 22.c4 Qd6 23.Qxd6 Nxd6
24.c5 Nb7 25.Nb3 Nd8 26.d4 exd4 27.Nxd4 Re8 28.f3 Re7 29.Rfd1 Rd7 30.Nb3 Rxd1+
31.Rxd1 Ra8 32.Rd7 Kf8 33.Kf2 Ke8 34.Rc7 Ra6 35.Ke3 Ne6 36.Rc8+ Nd8 37.Rc7 Ne6
38.Rb7 Nd8 39.Rb6 Ra7 40.a6 Kd7 41.Nd4 f6 42.f4 Kc7 43.e5 fxe5 44.fxe5 Kd7
45.e6+  1-0

[Event "TCh-SVK Extraliga 2012-13"]
[Site "Slovakia SVK"]
[Date "2012.10.27"]
[Round "1.1"]
[White "Jurcik,Mart"]
[Black "Plachetka,J"]
[Result "1/2-1/2"]
[WhiteElo "2362"]
[BlackElo "2355"]

1.e4 c5 2.Nf3 Nc6 3.Bb5 e6 4.O-O Nge7 5.Re1 a6 6.Bf1 d6 7.c3 e5 8.d4 cxd4
9.cxd4 Bg4 10.d5 Nd4 11.Be2 Nxe2+ 12.Qxe2 Ng6 13.h3 Bd7 14.Be3 Be7 15.Nbd2 O-O
16.Nf1 f5 17.exf5 Rxf5 18.N3d2 Nf4 19.Qc4 Rc8 20.Qb3 b5 21.Ng3 Rf7 22.Rac1 Bf8
23.Bxf4 Rxf4 24.Nde4 Qb6 25.Qe3 Qb7 26.Rxc8 Qxc8 27.Qb6 Qc4 28.b3 Qxd5 29.Qxa6 Qd4
30.Re2 Be8 31.Rd2 Qa1+ 32.Kh2 Qc1 33.Ne2  1/2-1/2

[Event "Chigorin Memorial"]
[Site "St Petersburg RUS"]
[Date "2012.10.27"]
[Round "1.133"]
[White "Mikhailov,Vi"]
[Black "Dyakov,Vladislav"]
[Result "1-0"]
[WhiteElo "2326"]
[BlackElo "1854"]

1.e4 c5 2.Nf3 Nc6 3.Bb5 g6 4.O-O Bg7 5.Re1 Nf6 6.e5 Nd5 7.Nc3 Nc7 8.Bxc6 dxc6
9.Ne4 b6 10.Nf6+ Bxf6 11.exf6 Be6 12.fxe7 Qxe7 13.Ne5 Qd6 14.Qf3 Qd5 15.Qf6 O-O
16.d3 Ne8 17.Qh4 f6 18.Nf3 Ng7 19.b3 Nf5 20.Qf4 Nd4 21.Nxd4 cxd4 22.Bd2 c5
23.Re2 Rae8 24.Rae1 Rf7 25.Qg3 Rff8 26.Bh6 Rf7 27.Rxe6 Rxe6 28.Qb8+  1-0

[Event "ITT La Razon 2012"]
[Site "Villa Martelli ARG"]
[Date "2012.10.27"]
[Round "5.2"]
[White "Stewart,William John"]
[Black "Maggiolo,E"]
[Result "1-0"]
[WhiteElo "2253"]
[BlackElo "2054"]

1.e4 c5 2.Nf3 Nc6 3.Bb5 Nd4 4.Nxd4 cxd4 5.O-O Nf6 6.Qf3 a6 7.Ba4 Qa5 8.Bb3 d6
9.c3 dxc3 10.bxc3 Bg4 11.Qe3 h5 12.f4 e5 13.f5 h4 14.h3 Bh5 15.Na3 d5 16.exd5 Bxa3
17.Bxa3 Qxa3 18.d4 e4 19.Rf4 Rc8 20.Rxh4 a5 21.Rc1 a4 22.Bd1 Kf8 23.Rc2 b5
24.g4 b4 25.Qc1 Qxc1 26.Rxc1 Nxd5 27.Bxa4 Nxc3 28.Rc2 Ke7 29.Bb3 Rhd8 30.d5 Kf6
31.gxh5 Kxf5 32.Rg4 Ke5 33.Rxg7 f5 34.Re7+ Kd4 35.d6 f4 36.d7 Ke3 37.dxc8=Q Rxc8
38.h6 f3 39.Kf1 Rd8 40.Rxc3+ bxc3 41.Bc2 Rh8 42.h7 Rd8 43.Rxe4+ Kd2 44.Rd4+  1-0

[Event "7th Deizisau Autumn"]
[Site "Deizisau GER"]
[Date "2012.10.28"]
[Round "3.4"]
[White "Manakov,I"]
[Black "Weiler,D"]
[Result "1-0"]
[WhiteElo "2355"]
[BlackElo "2115"]

1.e4 c5 2.Nf3 Nc6 3.Bb5 e6 4.O-O Nge7 5.c3 a6 6.Ba4 b5 7.Bc2 d5 8.e5 d4 9.cxd4 cxd4
10.Be4 Nd5 11.d3 Be7 12.Nbd2 Qc7 13.Re1 O-O 14.Nb3 Bb7 15.Bxd5 exd5 16.Nbxd4 Bc5
17.Nxc6 Qxc6 18.d4 Bb6 19.Be3 Rac8 20.Rc1 Qg6 21.Qd2 h6 22.h3 Rxc1 23.Rxc1 Rc8
24.Kh2 Rxc1 25.Qxc1 Qd3 26.Qd2 Qc4 27.b3 Qc7 28.Ne1 Bc8 29.g4 h5 30.f3 hxg4
31.hxg4 Qe7 32.Kg3 Bd8 33.Ng2 f6 34.exf6 Qxf6 35.Bf4 Qc6 36.Be5 Be6 37.Qb4 Bc7
38.Qe7 Bxe5+ 39.dxe5 d4 40.Qd8+ Kf7 41.Qxd4 Ke8 42.b4  1-0

[Event "39th ch-IND Premier w 2012"]
[Site "Jalgaon IND"]
[Date "2012.10.28"]
[Round "5.12"]
[White "Raghavi,N"]
[Black "Kotepalli,S"]
[Result "1-0"]
[WhiteElo "2113"]
[BlackElo "1957"]

1.e4 c5 2.Nf3 Nc6 3.Bb5 e6 4.Bxc6 bxc6 5.b3 d5 6.d3 Ne7 7.Qe2 Ng6 8.h4 h5
9.e5 Be7 10.g3 f6 11.Bb2 Rb8 12.c4 Kf7 13.O-O Qg8 14.Nc3 Nf8 15.Na4 d4 16.Bc1 Qh7
17.Bd2 Bd7 18.Nh2 Kg8 19.f4 Be8 20.f5 exf5 21.exf6 gxf6 22.Bf4 Rd8 23.Rae1 Ng6
24.Bc7 Rd7 25.Bb8 Kg7 26.Qe6 Rb7 27.Qc8 Rd7 28.Nxc5 Bxc5 29.Rxe8 Re7 30.Rxh8 Nxh8
31.Qxc6 Bb6 32.c5 Ba5 33.Qd6 Kf7 34.Qxd4 Qg6 35.b4 Bc7 36.Qd5+ Kg7 37.Bxc7 Rxc7
38.Qd6 Qf7 39.c6 Ng6 40.Rxf5 Rc8 41.b5  1-0

[Event "TCh-SVK Extraliga 2012-13"]
[Site "Slovakia SVK"]
[Date "2012.10.28"]
[Round "2.4"]
[White "Petenyi,T"]
[Black "Ponizil,C"]
[Result "1-0"]
[WhiteElo "2457"]
[BlackElo "2377"]

1.e4 c5 2.Nf3 Nc6 3.Bb5 g6 4.Bxc6 dxc6 5.h3 Bg7 6.d3 Nf6 7.Nc3 Nd7 8.O-O Nf8
9.Be3 Ne6 10.Qd2 Nd4 11.Bxd4 cxd4 12.Ne2 O-O 13.Nh2 e5 14.f4 exf4 15.Qxf4 f5
16.Ng3 fxe4 17.Qxe4 Re8 18.Qf4 Be6 19.Ne4 Bd5 20.Rae1 Be5 21.Qg4 Be6 22.Qe2 Bxh2+
23.Kxh2 Bf5 24.Qf3 Bxe4 25.Qf7+ Kh8 26.Rxe4 Qd6+ 27.Qf4 Qxf4+ 28.Rfxf4 c5
29.Rf7 b6 30.Rxa7 Rad8 31.Ree7 Rxe7 32.Rxe7 Rf8 33.Kg3 Rf1 34.Re6 Rc1 35.Rxb6 Rxc2
36.a4 c4 37.dxc4 Rxc4 38.a5 d3 39.Kf2 Re4 40.a6 d2 41.a7 d1=N+ 42.Kf3 Ra4
43.Rb8+ Kg7 44.a8=Q Rxa8 45.Rxa8 Nxb2 46.Rc8 Nd3 47.Ke4 Nf2+ 48.Ke3 Nd1+
49.Ke2 Nb2 50.Rc7+ Kg8 51.Kd2 Na4 52.Rc6  1-0

[Event "Chigorin Memorial"]
[Site "St Petersburg RUS"]
[Date "2012.10.28"]
[Round "2.159"]
[White "Zamyshlyaev,A"]
[Black "Petrochenko,Maria"]
[Result "1-0"]
[WhiteElo "2080"]
[BlackElo "1716"]

1.e4 c5 2.Nf3 Nc6 3.Bb5 Nf6 4.Nc3 Qc7 5.O-O Nd4 6.Re1 a6 7.Bf1 d6 8.Nxd4 cxd4
9.Nd5 Nxd5 10.exd5 g6 11.c4 Bg7 12.Qe2 Bf6 13.d3 O-O 14.Bh6 Re8 15.Qf3 Bf5
16.Rac1 b6 17.g4 Bd7 18.Bg2 Bg7 19.Bxg7 Kxg7 20.Qf4 Qc5 21.g5 Bf5 22.Be4 Bd7
23.Rcd1 Rab8 24.Bf3 b5 25.b3 Bf5 26.Bg4 Bxg4 27.Qxg4 a5 28.Re4 bxc4 29.dxc4 a4
30.Qh3 Kh8 31.Qh6 Rg8 32.Rd3 Qc8 33.Rh4 Rg7 34.Rdh3 Qg8 35.Rxd4 axb3 36.axb3 Rb4
37.Re4 Rb7 38.Rhe3 Qf8 39.b4 Rxb4 40.Rxe7 Rg8 41.Rc7 Qxh6 42.gxh6 Rf8 43.Rxf7 Kg8
44.Rg7+ Kh8 45.Ree7  1-0